000 01087nas a2200253 i 4500
001 186665
003 ES-MaACL
005 20250217134922.0
008 170112d19141924sp | | ||pa d
022 _a1130-7072
080 _a656.6(083.4)
245 0 0 _aEstadística de pasajeros por mar /
_cMinisterio de Instrucción Pública y Bellas Artes, Dirección General del Instituto Geográfico y Estadístico.
260 _aMadrid :
_bTalleres del Instituto Geográfico y Estadístico,
_c1914-1924.
300 _a3 v. ;
_c27 cm.
362 0 _a1912/1913-1920/1921/1922.
550 _aDesde 1919 edita: Ministerio de Trabajo, Comercio e Industria, Dirección General de Estadística.
650 4 _aTransportes marítimos-
_zEspaña-
_vEstadísticas.
_9161537
710 2 _aInstituto Geográfico y Estadístico (España)
_93892
710 0 _aEspaña.
_bDirección General de Estadística.
_93734
785 0 0 _tEstadística del movimiento de buques y pasajeros por mar con el exterior
852 _aES-MaACL
_jF-5368-70
866 0 _o1914, 1916, 1917/18.
999 _c186665
_d186665